20 najczęściej wyszukiwanych państw w Google - Statystyki

Ogólne statystyki
  • Ten quiz został rozwiązany 215 razy
  • Średni wynik to 16 z 20
Statystyki odpowiedzi
# Państwo % Poprawnych
1 Stany Zjednoczone
100%
9 Chiny
99%
14 Rosja
98%
6 Francja
94%
11 Hiszpania
94%
5 Kanada
94%
12 Brazylia
93%
2 Indie
92%
8 Niemcy
92%
4 Japonia
90%
7 Meksyk
90%
3 Wielka Brytania
89%
10 Australia
86%
13 Włochy
85%
19 Iran
69%
15 Turcja
68%
17 Tajlandia
54%
16 Pakistan
44%
20 Kolumbia
40%
18 Wietnam
38%
Nie znaleziono quizów pasujących do podanych kryteriów
Rozkład punktacji
Procent ludzi z każdym wynikiem
Percentyl według liczby udzielonych odpowiedzi
Twoja historia wyników
Nie rozwiązałeś tego quizu